The Matrix Franchise - Statistics

General Stats
  • This quiz has been taken 63 times
  • The average score is 5 of 16
Answer Stats
Type Year Name Info % Correct
Film 1999 The Matrix Warner Bros.
100%
Film 2003 The Matrix Reloaded Warner Bros.
96%
Film 2003 The Matrix Revolutions Warner Bros.
88%
Film 2003 The Animatrix Warner Bros.
65%
Film 2022 The Matrix 4 Warner Bros.
39%
Video Game 2003 Enter the Matrix Infogrames
27%
Video Game 2005 The Matrix: Path of Neo Atari
22%
Video Game 2005 The Matrix Online Sega / Warner Bros. Interactive
20%
Documentary 2001 The Matrix Revisited Warner Bros.
14%
Graphic Novel 2003-2004 The Matrix Comics Burlyman Entertainment
10%
Book 2000 The Art of the Matrix (Various)
8%
Magazine 2005 The Matrix Online: The Official Magazine N/A
8%
Book 2003 Enter the Matrix: Official Strategy Guide Doug Walsh
4%
Book 2001 The Matrix Shooting Script Larry Wachowski / Andy Wachowski
4%
Book 2005 The Matrix Online: Prima Official Strategy Guide Chris McCubbin
2%
Book 2005 The Matrix: Path of Neo: Official Strategy Guide BradyGames
2%
No matching quizzes found
Score Distribution
Percent of People with Each Score
Percentile by Number Answered
Your Score History
You have not taken this quiz